Methods of compiling housing statistics. (Record no. 35931)

MARC details
000 -LEADER
fixed length control field 00805cam a22002411 4500
001 - CONTROL NUMBER
control field l 29000025
003 - CONTROL NUMBER IDENTIFIER
control field DLC
005 - DATE AND TIME OF LATEST TRANSACTION
control field 20260227111532.0
008 - FIXED-LENGTH DATA ELEMENTS--GENERAL INFORMATION
fixed length control field 870721s1928 sz s 000 0 eng
010 ## - LIBRARY OF CONGRESS CONTROL NUMBER
LC control number l 29000025
035 ## - SYSTEM CONTROL NUMBER
System control number (OCoLC)16261287
040 ## - CATALOGING SOURCE
Original cataloging agency DLC
Transcribing agency LNT
Modifying agency NBuU
-- DLC
042 ## - AUTHENTICATION CODE
Authentication code premarc
050 00 - LIBRARY OF CONGRESS CALL NUMBER
Classification number HD4813
Item number .I4 ser. N, no. 13
110 2# - MAIN ENTRY--CORPORATE NAME
Corporate name or jurisdiction name as entry element International Labour Office.
245 10 - TITLE STATEMENT
Title Methods of compiling housing statistics.
260 ## - PUBLICATION, DISTRIBUTION, ETC.
Place of publication, distribution, etc. Geneva,
Date of publication, distribution, etc. 1928
300 ## - PHYSICAL DESCRIPTION
Extent viii, 119 p.
Dimensions 24 cm.
490 0# - SERIES STATEMENT
Series statement Studies and reports. Series N, Statistics,
Volume/sequential designation no. 13
500 ## - GENERAL NOTE
General note At head of title: International Labour Office.
500 ## - GENERAL NOTE
General note "Appendix. List of official statistical reports relating to housing used in the present study" : p.[109]-119.
650 #0 - SUBJECT ADDED ENTRY--TOPICAL TERM
Topical term or geographic name entry element Housing
Form subdivision Statistics.

No items available.

Powered by Koha